000 00533 a2200217 4500
260 _aParis
100 _aTÖNNIES, Ferdinand
260 _bRETZ-CEPL
300 _a285 p.
245 _aCommunauté et société : catégories fondamentales de la sociologie pure
650 _aSociété
650 _aSociologie
300 _bCouv. ill. en coul.
260 _c1977
130 _lFr
440 _aLes Classiques des Sciences Humaines
690 _aCommunauté
020 _a2-7256-0187-8
999 _c24960
_d24960